[Event "World Team-ch 2017"]
[Site "Khanty-Mansyisk"]
[Date "2017.06.24"]
[Round "7"]
[White "Li, Chao b"]
[Black "Fedoseev, Vladimir"]
[Result "1-0"]
[WhiteElo "2720"]
[BlackElo "2703"]
[Annotator "TA"]
[PlyCount "107"]
[EventDate "2017.??.??"]
[EventType "team-tourn"]
[EventCountry "RUS"]
[SourceTitle "playchess.com"]
[Source "ChessBase"]
[SourceQuality "1"]
[WhiteTeam "CHN"]
[BlackTeam "RUS"]
[WhiteTeamCountry "CHN"]
[BlackTeamCountry "RUS"]

{[%evp 16,107,31,28,45,34,34,32,29,4,69,75,77,70,72,62,58,65,116,121,120,87,88,69,97,95,102,99,91,107,127,127,171,159,207,172,170,0,137,148,147,153,149,147,146,157,197,204,200,159,159,170,173,133,244,143,146,139,137,58,61,61,106,91,109,96,162,87,153,139,372,365,424,428,537,560,538,559,537,545,668,646,628,574,1131,1083,1014,1006,1746,1706,29991,29992,29992,29993]} 1. e4 e5 2. Nf3 Nc6 3. Bb5 Nf6 4. O-O Nxe4 5. d4 Nd6 6. Bxc6 dxc6 7. dxe5 Nf5 8. Qxd8+ Kxd8 9. h3 {LiveBook: 420 Games} Bc5 {C67: Ruy Lopez: Berlin Defence: 4 0-0 Nxe4} (9... Ke8 10. Nc3 h5 11. Bg5 Be6 12. Rad1 Be7 13. b3 h4 14. Rfe1 a5 15. Rd3 Rd8 16. Rxd8+ Kxd8 17. Ne2 Bd5 18. Bxe7+ Kxe7 {½-½ (49) So,W (2822)-Caruana,F (2817) Saint Louis 2017}) 10. Nc3 Be6 11. b3 $146 ({Predecessor:} 11. Ng5 Ke8 12. Nxe6 fxe6 13. Bf4 h6 14. Ne4 Be7 15. c3 Rd8 16. Rad1 Kf7 17. g4 {1-0 (44) Abrahams,D (2000)-Harris,J Gold Coast 2011}) 11... Kc8 {White is slightly better.} 12. Rd1 (12. Ne4 $5 {[%cal Re4c5]} Bb6 13. Bb2 $14) 12... b6 (12... Bb4 $11 13. Ne2 Bd5) 13. g4 $14 Ne7 14. Na4 $1 h5 15. Nxc5 bxc5 16. Ng5 hxg4 ({Better is} 16... Ng6 $14) 17. Nxe6 $16 fxe6 18. hxg4 Ng6 19. Re1 Kb7 20. Re4 Rh3 21. Be3 Rah8 22. Kg2 c4 23. bxc4 a5 24. Rb1+ Ka6 25. Rd1 Kb7 26. Rb1+ Ka6 $1 27. a3 Rh2+ 28. Kf3 Rf8+ 29. Ke2 Rhh8 30. Rf1 Rh4 31. Rd1 Rh7 32. Kd2 Rhh8 33. Kc3 Rf7 34. Rf1 Rh4 (34... Rh3 $16 35. Kd4 Nf8) 35. Kd4 (35. Rb1 $1 $18) 35... Nf8 36. Rb1 Nd7 37. Kc3 (37. c5 $1 $16) 37... Rh3 $14 38. Kd2 Nb6 39. Ke2 Rh8 40. Rb3 Rh1 {[#]} (40... g6 $16 {keeps fighting.}) 41. Rd3 ({White should try} 41. Rd4 $1 $18) 41... Rg1 (41... Rh8 $142) 42. g5 Rh1 $2 {[#]} (42... Ra1 $16 43. Rh4 Ra2) 43. Rd8 $1 $18 Re7 44. Rf4 Kb7 45. c5 Nd7 46. Ra4 Nb8 47. Rxa5 Rh4 48. Rd3 {White threatens Rb3+ and mate.} Na6 49. f4 Ka7 50. Rd4 Rh2+ 51. Bf2 g6 52. Rda4 Reh7 53. Rxa6+ Kb7 54. Ra7+ {Precision: White = 76%, Black = 37%.} 1-0

[Event "World Team-ch 2017"]
[Site "Khanty-Mansyisk"]
[Date "2017.06.24"]
[Round "7"]
[White "Ponomariov, Ruslan"]
[Black "Vidit, Santosh Gujrathi"]
[Result "1/2-1/2"]
[WhiteElo "2712"]
[BlackElo "2692"]
[Annotator "TA"]
[PlyCount "190"]
[EventDate "2017.??.??"]
[EventType "team-tourn"]
[EventCountry "RUS"]
[SourceTitle "playchess.com"]
[Source "ChessBase"]
[SourceQuality "1"]
[WhiteTeam "UKR"]
[BlackTeam "IND"]
[WhiteTeamCountry "UKR"]
[BlackTeamCountry "IND"]

{[%evp 20,190,0,0,0,-22,0,0,0,0,31,17,44,41,38,2,2,0,11,0,35,6,14,8,8,0,16,0,21,0,0,0,8,8,8,5,10,4,14,12,18,17,23,14,20,5,10,6,6,4,12,4,4,6,4,0,0,0,4,0,0,0,0,0,8,0,4,0,11,0,0,0,29,29,29,29,29,0,0,0,0,0,40,40,40,40,40,40,40,40,40,40,40,40,40,40,40,40,40,40,40,40,40,40,40,40,40,0,40,40,40,40,40,0,40,0,0,0,0,0,40,0,40,40,40,40,40,0,40,40,40,0,0,0,16,0,0,0,0,0,0,0,0,0,0,0,0,0,0,0,0,0,0,0,0,0,0,0,0,0,0,0,0,0,0,0,0,0,0,0,0,0,0]} 1. e4 c5 2. Nf3 d6 3. Bb5+ Nd7 4. c3 Ngf6 5. Qe2 a6 6. Ba4 b5 7. Bc2 Bb7 {B51: Sicilian: Moscow Variation (3 Bb5+) without 3...Bd7} 8. d4 e6 9. O-O Be7 10. Nbd2 (10. Re1 O-O 11. Nbd2 cxd4 12. cxd4 Rc8 13. Nf1 Qc7 14. Bd3 e5 15. Ng3 exd4 16. Nxd4 {½-½ (54) Balogh,C (2621)-Navara,D (2737) Slovakia 2017}) 10... Qc7 11. Bd3 {LiveBook: 6 Games} Nh5 $146 ({Predecessor:} 11... O-O 12. Re1 Rfe8 13. Nf1 cxd4 14. cxd4 e5 15. d5 Nc5 16. Ng3 Nxd3 17. Qxd3 {1-0 (42) Ramirez,A (2549)-Chandra,A (2505) Saint Louis 2017}) 12. g3 Nhf6 (12... c4 $5 {[%cal Rc4d3]} 13. Bc2 O-O $15) 13. b3 O-O 14. Bb2 c4 15. Bc2 cxb3 16. axb3 b4 17. Bd3 bxc3 18. Rac1 Rfc8 19. Rxc3 Qd8 20. Ra1 {[%cal Rd3a6]} a5 21. Rxc8 Qxc8 22. Ne1 Nb6 23. Bb5 Ne8 24. Qe3 d5 25. e5 Nc7 26. Bf1 a4 27. bxa4 Nxa4 28. Ba3 Bxa3 29. Rxa3 Bc6 30. Qb3 Qb7 31. Qc2 Be8 32. Nd3 Qc6 33. Nc5 h6 34. Bd3 {[#] Hoping for Rxa4.} Nb6 35. Qa2 Nb5 36. Rxa8 Qxa8 37. Qxa8 Nxa8 38. Ndb3 (38. Bxb5 $5 Bxb5 39. f4 $11) 38... Nb6 39. f4 (39. Bxb5 $5 Bxb5 40. f4 $11) 39... Nc4 40. Kf2 Kf8 41. g4 (41. Bxc4 $5 dxc4 42. Na5 $11) 41... g6 42. h4 (42. Ne4 $5) 42... Ke7 43. Kf3 (43. Ne4 $5) 43... Nb2 44. Bxb5 Bxb5 $11 {[%mdl 4096] Endgame KBN-KNN} 45. Na5 Ba4 46. Ke3 Bd1 47. g5 hxg5 48. fxg5 Bg4 49. Kd2 (49. Nc6+ {seems wilder.} Ke8 50. Kf4 Be2 51. Na7 Bh5 52. Nb5) 49... Bh5 50. Nd3 Nxd3 (50... Nd1 {keeps more tension.} 51. Nb7 Bg4 52. Nd6 Bh5 53. Nc8+ Kd7) 51. Kxd3 {KB-KN} Bg4 52. Kc3 Bd1 53. Kb4 Kd7 54. Nb7 Bc2 55. Nd6 Ke7 $1 56. Kb5 Bd1 57. Kc6 Bg4 58. Kc7 Bf3 59. Nc8+ Ke8 60. Kd6 Be2 61. Ne7 Bg4 62. Nc6 Be2 63. Ne7 Bg4 64. Ng8 {[#] Threatens to win with Nf6+.} Bf3 65. Nf6+ Kd8 66. Kc5 Ke7 67. Kb4 Bd1 68. Kc3 Bf3 69. Kd2 Kf8 70. Ke1 Kg7 71. Nd7 Bg2 72. Ke2 Bh3 73. Nf6 Bf5 74. Kd2 Kf8 75. Kc3 Ke7 {The position is equal.} 76. Kb4 Bc2 77. h5 gxh5 78. Nxh5 Bg6 79. Nf6 Kf8 80. Kc5 Kg7 81. Ne8+ Kf8 82. Nd6 Kg7 83. Kc6 Bh5 84. Kd7 Kg6 85. Ke7 Kg7 86. Nb7 {Strongly threatening Nd6.} Kg6 87. Nd8 Kg7 88. Nxe6+ fxe6 89. Kxe6 {KB-K3P} Bf3 90. Kd6 Kg6 91. e6 {[%cal Be5e6,Be6e7][%mdl 32]} Kxg5 92. e7 Bh5 93. Kxd5 {Ke5 is the strong threat.} Kf6 94. Kd6 Be8 95. d5 Kf7 {Precision: White = 65%, Black = 60%.} 1/2-1/2

[Event "World Team-ch 2017"]
[Site "Khanty-Mansyisk"]
[Date "2017.06.24"]
[Round "7"]
[White "Matlakov, Maxim"]
[Black "Wei, Yi"]
[Result "1/2-1/2"]
[WhiteElo "2707"]
[BlackElo "2728"]
[Annotator "TA"]
[PlyCount "75"]
[EventDate "2017.??.??"]
[EventType "team-tourn"]
[EventCountry "RUS"]
[SourceTitle "playchess.com"]
[Source "ChessBase"]
[SourceQuality "1"]
[WhiteTeam "RUS"]
[BlackTeam "CHN"]
[WhiteTeamCountry "RUS"]
[BlackTeamCountry "CHN"]

{[%evp 26,75,15,10,14,12,37,22,5,-9,-6,-16,0,0,0,0,-10,-12,0,-5,0,0,0,0,8,8,8,8,4,4,8,9,9,7,7,0,0,0,0,0,0,0,0,0,0,0,0,0,0,0,0,0]} 1. c4 c5 2. Nf3 Nc6 3. Nc3 g6 4. e3 Nf6 5. d4 cxd4 6. exd4 d5 7. cxd5 Nxd5 8. Qb3 e6 9. Bb5 Bg7 10. O-O {A35: Symmetrical English: 2 Nc3 Nc6 3 Nf3} O-O 11. Bxc6 bxc6 12. Na4 Qd6 13. Re1 Rb8 14. Qc2 {LiveBook: 8 Games} (14. Qd1 Ne7 15. Bd2 Nf5 16. Bc3 Rd8 17. Re4 Rb5 {½-½ (31) Aronian,L (2792)-So,W (2770) Paris 2016}) 14... c5 15. Nxc5 Nb4 (15... Bb7 $5) 16. Qc3 {[#]} Bb7 $146 {The position is equal.} 17. Ne5 Qd5 {[%csl Gb7][%cal Rd5g2] [#]} 18. Nxb7 Rxb7 19. b3 Rbb8 20. Bb2 Rfc8 21. Nc4 Rd8 22. Red1 Nc6 23. Ne3 Qd7 24. Nc2 Rb5 25. Qc4 Rd5 {[%cal Rc6d4]} 26. Rac1 Nxd4 27. Nxd4 Bxd4 28. Rxd4 Rxd4 29. Bxd4 Qxd4 $11 {[%mdl 4096] Endgame KQR-KQR} 30. g3 Qe5 31. Kg2 Rd4 32. Qc6 Kg7 33. Rc4 Rd1 {[#] Threatens to win with ...Qe1.} 34. Qf3 Qe1 {[%csl Gd1][%cal Re1f1]} 35. Qc3+ Qxc3 36. Rxc3 Rd2 37. a4 g5 38. Rc7 {Precision: White = 73%, Black = 65%.} 1/2-1/2

[Event "World Team-ch 2017"]
[Site "Khanty-Mansyisk"]
[Date "2017.06.24"]
[Round "7"]
[White "Duda, Jan-Krzysztof"]
[Black "Urkedal, Frode"]
[Result "1-0"]
[WhiteElo "2697"]
[BlackElo "2541"]
[Annotator "TA"]
[PlyCount "65"]
[EventDate "2017.??.??"]
[EventType "team-tourn"]
[EventCountry "RUS"]
[SourceTitle "playchess.com"]
[Source "ChessBase"]
[SourceQuality "1"]
[WhiteTeam "POL"]
[BlackTeam "NOR"]
[WhiteTeamCountry "POL"]
[BlackTeamCountry "NOR"]

{[%evp 24,65,0,0,0,-22,-39,-79,-73,-70,0,0,0,0,0,0,0,0,11,0,0,0,0,-16,0,0,18,0,62,11,120,67,134,137,119,97,70,47,875,876,759,750,1996,1970]} 1. d4 Nf6 2. c4 e6 3. Nc3 Bb4 4. e3 b6 {[%cal Bb7b6,Bb6b5][%mdl 32]} 5. Nge2 c5 6. a3 Ba5 7. Rb1 Na6 8. g3 Bb7 {E42: Nimzo-Indian: Rubinstein: 4...c5 5 Ne2} 9. d5 b5 10. Bg2 bxc4 11. O-O O-O 12. e4 exd5 13. exd5 {LiveBook: 15 Games} d6 14. h3 $146 ({Predecessor:} 14. Qa4 Nd7 15. Bf4 Bxc3 16. Nxc3 {½-½ (52) Grimm,J (2288)-Braun,A (2579) Germany 2017}) 14... Nc7 15. g4 Nd7 16. Bf4 Bxc3 (16... Nb6 $1 $15) 17. Nxc3 Nb6 18. Qd2 Qd7 19. Rbd1 Rad8 20. Rfe1 a6 21. Re3 (21. Be4 $5 {[%cal Re4f5]} Nb5 22. Nxb5 Qxb5 23. Bh6 $14) 21... Rfe8 22. Rg3 Nb5 23. h4 Nxc3 24. bxc3 Rb8 25. h5 Bc8 (25... Ba8 $11) 26. Rb1 (26. h6 $14) 26... Rb7 (26... h6 $11 {remains equal.}) 27. h6 (27. Re1 $16) 27... g6 ({Black should play} 27... Qd8 $1 $14) 28. Re1 $16 {[%mdl 1024] [#] aiming for Rxe8+. White has strong compensation.} Rf8 29. Rge3 {Threatens to win with Re7!} Qd8 30. Qe2 $36 {[%mdl 2048] Hoping for Re8. White has the initiative.} Qf6 $2 {[%mdl 8192] [#]} (30... Bd7 $14) 31. Re8 $1 $18 {[%cal Re8f8] Threatening mate with Rxf8+.White is clearly winning.} Nd7 32. Qe3 Rb3 33. g5 {Precision: White = 55%, Black = 29%.} 1-0

[Event "World Team-ch 2017"]
[Site "Khanty-Mansyisk"]
[Date "2017.06.24"]
[Round "7"]
[White "Onischuk, Alexander"]
[Black "Yilmaz, Mustafa"]
[Result "1-0"]
[WhiteElo "2685"]
[BlackElo "2630"]
[Annotator "TA"]
[PlyCount "83"]
[EventDate "2017.??.??"]
[EventType "team-tourn"]
[EventCountry "RUS"]
[SourceTitle "playchess.com"]
[Source "ChessBase"]
[SourceQuality "1"]
[WhiteTeam "USA"]
[BlackTeam "TUR"]
[WhiteTeamCountry "USA"]
[BlackTeamCountry "TUR"]

{[%evp 16,83,27,19,24,15,24,10,23,14,13,0,-3,-1,7,0,0,7,30,23,33,-37,-20,-25,24,38,44,-11,-11,-4,0,0,0,0,3,0,0,0,0,-50,-39,-94,-17,-19,-2,-10,0,0,1,-4,0,-56,-19,-20,-11,-4,0,0,61,49,199,199,201,186,293,291,1002,997,1141,1162]} 1. d4 Nf6 2. c4 e6 3. Nc3 d5 4. cxd5 exd5 5. Bg5 c6 6. e3 Be7 7. Bd3 Nbd7 {[%cal Bb8d7,Bd7f6,Bf6e4][%mdl 32]} 8. Nf3 Ne4 9. Bf4 Ndf6 {D35: Queen's Gambit Declined: Exchange Variation} 10. Qc2 (10. O-O {seems wilder.} O-O 11. h3 Bf5 12. Ne5 Qc8 13. Rc1) 10... O-O 11. Ne5 Nxc3 {The position is equal.} 12. bxc3 c5 13. O-O $146 ({Predecessor:} 13. dxc5 Bxc5 14. O-O h6 15. Nf3 Qe7 16. c4 Be6 17. cxd5 Bxd5 {0-1 (31) Vitiugov,N (2725)-Navara,D (2734) Berlin 2015}) 13... c4 14. Be2 Ne4 15. f3 Nd6 16. e4 Be6 17. Rae1 Rc8 18. h3 (18. Bd1 $14) 18... Bh4 19. Rb1 Re8 (19... Kh8 {is interesting.} 20. Rb2 b6 21. exd5 Bxd5 22. Bd1 Re8) 20. Ng4 dxe4 21. Bxd6 ({White should try} 21. fxe4 $14 Nxe4 22. Nh6+ gxh6 23. Qxe4) 21... exf3 $11 22. Bxf3 {[#] Bf4 is the strong threat.} Qxd6 23. Rxb7 Bd8 24. Ne5 Bb6 {Strongly threatening ...Qxe5.} 25. Kh1 Rc7 26. Rxc7 Bxc7 27. Be4 (27. Qa4 $5 {[%cal Ra4e8]} Rd8 28. Be2 $11) 27... g6 28. Qa4 {[#]} (28. Bc6 $15 Bf5 29. Rxf5 Qxc6 30. Qf2 Bxe5 31. Rxe5) 28... Re7 (28... Rb8 $1 $17) 29. Qc6 $1 Qd8 30. Qc5 Re8 {[%cal Be7e8,Be8f8,Bf8b8][%mdl 32]} 31. Bc6 $36 {[%mdl 2048] White has good play.} Rf8 32. Qxa7 Qd6 {Threatens to win with ...f6.} 33. Bb7 ({White should play} 33. Qa4 $11) 33... f6 {[%mdl 1024] Black has compensation.} 34. Nf3 Rb8 35. a4 Qd7 36. Qa6 Bf4 (36... Bxh3 $11 37. Nd2 Rxb7 38. Qxb7 Qd6) 37. Bc6 Qc7 (37... Qd6 $14) 38. d5 $18 Bf5 39. Qxc4 Qd6 (39... Bd6 $142 40. Qe2 Qe7 41. Qxe7 Bxe7) 40. Nd4 Be4 $2 (40... Be3 41. Nxf5 gxf5) 41. Nb5 Rxb5 42. Qxe4 {Precision: White = 55%, Black = 38%.} 1-0

[Event "World Team-ch 2017"]
[Site "Khanty-Mansyisk"]
[Date "2017.06.24"]
[Round "7"]
[White "Adhiban, B."]
[Black "Korobov, Anton"]
[Result "1-0"]
[WhiteElo "2670"]
[BlackElo "2711"]
[Annotator "TA"]
[PlyCount "67"]
[EventDate "2017.??.??"]
[EventType "team-tourn"]
[EventCountry "RUS"]
[SourceTitle "playchess.com"]
[Source "ChessBase"]
[SourceQuality "1"]
[WhiteTeam "IND"]
[BlackTeam "UKR"]
[WhiteTeamCountry "IND"]
[BlackTeamCountry "UKR"]

{[%evp 24,67,85,25,50,52,45,21,30,4,9,10,10,3,12,6,9,6,31,33,35,27,43,38,51,51,63,54,51,51,121,121,122,119,203,144,275,268,358,362,395,393,436,433,660,659]} 1. e4 e6 2. d4 d5 3. Nc3 Nf6 4. e5 Nfd7 5. f4 c5 6. Nf3 Nc6 7. Be3 Be7 8. Qd2 O-O 9. dxc5 Nxc5 {C11: French: Classical System: 4 e5 and 4 Bg5 dxe4} 10. O-O-O Qa5 (10... a6 11. h4 Qc7 12. Bxc5 Bxc5 13. Bd3 f5 14. exf6 Rxf6 15. g3 h6 16. Qe2 Bd7 17. h5 {1-0 (55) Harikrishna,P (2762)-Shirov,A (2679) Austria 2016}) 11. Kb1 Rd8 12. Nd4 Bf8 13. g4 {LiveBook: 4 Games} ({White should play} 13. h4 $16) 13... Bd7 $11 14. h4 Rab8 15. Nce2 {[#]} Qxd2 $146 16. Rxd2 Ne4 17. Rd1 Nxd4 18. Bxd4 b6 19. Bg2 Bb5 20. Rhe1 Bb4 21. c3 Be7 22. Bxe4 dxe4 23. g5 $1 Bd3+ 24. Kc1 h5 25. Kd2 Bc5 26. Ke3 Rbc8 ({Black should try} 26... Rd5 $14) 27. Bxc5 $16 Rxc5 28. Ng3 Rcd5 (28... Rdd5 $16 29. Nxe4 Bxe4) 29. Nxh5 $18 Bc4 {[#]} (29... Ba6 $16 30. Rd4 Rxd4 31. cxd4 Rc8) 30. Rd4 $1 {[%cal Rd4c4]} Bxa2 31. Ra1 ({Less strong is} 31. Kxe4 Rxd4+ 32. cxd4 Rc8 $14) 31... Rxd4 32. cxd4 Bd5 33. Rxa7 g6 {[#]} (33... Kf8 $142 34. Ra6 Rb8) 34. Rd7 $1 {[%mdl 512] Precision: White = 76%, Black = 41%.} 1-0

[Event "World Team-ch 2017"]
[Site "Khanty-Mansyisk"]
[Date "2017.06.24"]
[Round "7"]
[White "Negi, Parimarjan"]
[Black "Moiseenko, Alexander"]
[Result "1/2-1/2"]
[WhiteElo "2670"]
[BlackElo "2675"]
[Annotator "TA"]
[PlyCount "88"]
[EventDate "2017.??.??"]
[EventType "team-tourn"]
[EventCountry "RUS"]
[SourceTitle "playchess.com"]
[Source "ChessBase"]
[SourceQuality "1"]
[WhiteTeam "IND"]
[BlackTeam "UKR"]
[WhiteTeamCountry "IND"]
[BlackTeamCountry "UKR"]

{[%evp 15,88,33,44,18,22,18,12,20,32,-18,-10,-9,-11,-37,15,15,28,30,30,27,78,83,76,0,0,0,0,0,24,22,27,27,42,27,27,28,31,0,0,-22,-30,-74,-79,-74,-34,-71,-23,-28,0,0,0,0,0,0,0,0,0,-56,-56,-133,0,0,0,0,0,0,0,0,0,0,0,0,0,0,0]} 1. e4 c5 2. Nf3 {[%cal Bg1f3,Bf3d2,Bd2f1,Bf1e3][%mdl 32]} Nc6 3. Nc3 e5 4. Bc4 Be7 5. d3 Nf6 6. Nd2 d6 7. Nf1 O-O 8. Ne3 Nd7 {LiveBook: 5 Games. B30: Sicilian: 2...Nc6 3 Bb5, lines without ...g6} 9. a3 Nb6 10. Ba2 Bg5 11. O-O Be6 12. g3 $146 ({Predecessor:} 12. Ncd5 Bxe3 13. fxe3 Ne7 14. Qf3 Nbxd5 15. exd5 Bd7 16. b4 {½-½ (53) Movsesian,S (2700)-Jurcik,M (2481) Czechia 2014}) 12... Bxe3 13. Bxe3 Bxa2 14. Rxa2 Qd7 (14... f5 $15) 15. b4 $11 cxb4 16. axb4 Nxb4 17. Rb2 Rfc8 (17... Rac8 $11 {remains equal.}) 18. Qd2 $16 Qc6 19. Ne2 (19. Ra1 $16 Qxc3 20. Qxc3 Rxc3 21. Rxb4) 19... Na6 $1 $11 20. Bxb6 axb6 21. c4 Nc7 22. Nc3 Qc5 23. Rfb1 Ra6 24. Rb4 {[%mdl 1024] White has compensation.} Rca8 25. Kg2 h6 26. R1b3 Kh7 27. Qb2 {[%cal Rb4b6]} Ne6 28. Rxb6 Qc8 {[#] Hoping for ...Nf4+!} 29. Rxa6 bxa6 30. Nd5 {And now Nb6 would win.} Nc5 (30... Ng5 $5 {[%cal Rc8h3]} 31. Qe2 a5 $11) 31. Rb6 Qd7 32. d4 Na4 33. Qa3 Nxb6 34. Nxb6 Qc6 35. Nxa8 {[#] Black must now prevent c5.} exd4 {[%mdl 4096] Endgame} 36. f3 ({White should play} 36. Qf3 $11 Qxa8 37. e5) 36... Qxc4 $15 37. Nb6 ({White should try} 37. Qxd6 $15 Qc2+ 38. Kh3) 37... Qc2+ (37... Qe2+ $17 38. Kh3 d3) 38. Kh3 $11 {The position is equal.} d3 {...d2 is the strong threat.} 39. Nd5 d2 40. Ne3 d1=Q {Strongly threatening ...Qc8+.} 41. Nxc2 Qxc2 42. Qxa6 d5 43. exd5 Qf5+ 44. Kg2 Qxd5 {Precision: White = 59%, Black = 62%.} 1/2-1/2

[Event "World Team-ch 2017"]
[Site "Khanty-Mansyisk"]
[Date "2017.06.24"]
[Round "7"]
[White "Xiong, Jeffery"]
[Black "Sanal, Vahap"]
[Result "1/2-1/2"]
[WhiteElo "2658"]
[BlackElo "2533"]
[Annotator "TA"]
[PlyCount "175"]
[EventDate "2017.??.??"]
[EventType "team-tourn"]
[EventCountry "RUS"]
[SourceTitle "playchess.com"]
[Source "ChessBase"]
[SourceQuality "1"]
[WhiteTeam "USA"]
[BlackTeam "TUR"]
[WhiteTeamCountry "USA"]
[BlackTeamCountry "TUR"]

{[%evp 14,175,17,20,24,13,31,37,31,31,31,38,37,31,26,23,32,47,45,42,39,28,38,19,36,37,47,33,15,14,44,44,44,44,54,52,54,47,53,0,0,0,0,0,0,0,52,60,58,44,52,43,53,32,32,32,32,25,32,25,25,25,32,32,32,32,32,25,25,25,32,25,32,32,32,32,32,32,32,0,32,32,32,32,32,32,32,32,236,32,32,32,32,32,32,32,32,32,32,32,33,32,32,32,40,0,0,0,0,0,0,0,0,0,56,56,56,56,56,56,56,0,0,0,0,0,0,0,0,0,63,0,0,0,80,80,83,83,95,87,375,289,910,360,425,409,377,0,354,272,272,271,193,95,95,95,95,0,0,0,1,2,12,27]} 1. d4 Nf6 2. c4 e6 3. Nf3 b6 4. g3 Bb7 5. Bg2 Be7 6. O-O O-O 7. Re1 Na6 8. Nc3 {LiveBook: 150 Games} Ne4 {E18: Queen's Indian: Old Main Line (4 g3 Bb7 5 Bg2 Be7 6 0-0 0-0 7 Nc3)} (8... d5 9. cxd5 exd5 10. Bf4 Re8 11. Rc1 c5 12. dxc5 Nxc5 13. Nd4 a6 14. a3 Bf8 15. b4 Ne6 16. Nxe6 fxe6 17. Na4 Rc8 18. Rxc8 Qxc8 19. Qd4 b5 {0-1 (82) Nakamura,H (2787)-Carlsen,M (2853) chess.com INT 2016}) 9. Bf4 c5 (9... d5 {with more complications.} 10. cxd5 exd5 11. h4 c5 12. e3 Re8) 10. d5 Nxc3 {White is slightly better.} 11. bxc3 d6 $1 12. e4 $146 ({Predecessor:} 12. dxe6 fxe6 13. a4 e5 14. Be3 Qc7 15. a5 bxa5 16. Qc2 {½-½ (31) Boehme,S (2287)-Harney,T (2184) LSS email 2013}) 12... e5 13. Be3 Nc7 14. Nd2 Bg5 15. f4 Bh6 16. a4 Bc8 17. Qf3 Bd7 18. Bf1 Kh8 19. Kh1 Ne8 20. f5 (20. a5 $5) 20... Bxe3 21. Qxe3 g5 22. Be2 Rg8 23. Rg1 Nf6 24. h4 g4 25. a5 bxa5 26. Ra2 (26. Qh6 $1 $14) 26... Kg7 $11 27. Qg5+ Kf8 $1 28. Qh6+ Ke7 29. Rga1 Qc7 (29... a4 $11) 30. Rxa5 $14 Rgb8 31. Qe3 Rb6 32. Bd1 Qb7 33. R5a3 a5 34. Kg1 {[%cal Bh1g1,Bg1f1,Bf1e1,Be1d1,Bd1c1][%mdl 32] [#]} a4 $1 {[%mdl 512]} 35. Kf1 (35. Bxa4 Rba6) 35... Ra7 36. Ke1 Rb2 37. Qd3 h5 38. Bc2 Qa8 39. Kd1 Rb6 40. Kc1 Rba6 41. Nf1 {[%cal Bd2f1,Bf1e3,Be3d1,Bd1b2][%mdl 32]} Ra5 42. Ne3 Be8 43. Qd2 Bd7 44. Nd1 Rb7 45. Nb2 Qb8 46. Nd1 Rb6 47. Qg5 Ra7 48. Kd2 Qb7 49. Qe3 Qa6 50. Qe2 Rab7 $2 (50... Qb7 $14) 51. Qd3 $2 ({Worse is} 51. Bxa4 Ra7 $15) ({Only move:} 51. Rxa4 $18 Qxa4 52. Rxa4 (52. Bxa4 Bxa4 53. Kd3 Bxd1 $16) 52... Bxa4 53. Bxa4) 51... Qa8 52. Qe3 Ra7 53. Nf2 Ra5 54. R1a2 Qa6 55. Qd3 Rb7 56. Nd1 Qa7 57. Qf1 Qb8 58. Nf2 Rb2 59. Rxb2 (59. Ra1 {seems wilder.} Rb6 60. Qd3 Ra8 61. Ke1 Qc8 62. Kf1) 59... Qxb2 60. Qc1 Qb8 (60... Qb7 {is interesting.} 61. Nd1 Qb8 62. Nb2 Qh8 63. Ke2 Qa8) 61. Nd1 Ra6 62. Nb2 Be8 63. Qa1 Nd7 (63... Ra5 $11) 64. Rxa4 ({Inferior is} 64. Nxa4 Qa7 $17) 64... Rxa4 65. Bxa4 Qa7 {aiming for ...Nb6.} 66. Qb1 Nf6 67. Bxe8 (67. Bc2 $14) 67... Kxe8 $11 68. Nd1 Ke7 69. Ne3 Qa6 70. Kd3 Qa7 71. Nc2 Qc7 ({Black should try} 71... Kd8 $11) 72. Qb5 ({White should play} 72. Qa1 $14) 72... Qa7 73. Qc6 Qd7 (73... Qb8 $11 {remains equal.}) 74. Na3 $16 Qd8 75. Nb5 Ne8 76. Na7 Qc7 $2 {[%mdl 8192]} (76... Kf8 $16) 77. Qa8 $1 $18 Kd7 $2 (77... Qd7 78. Nc6+ Kf6) 78. Kc2 $2 (78. Nb5 Qb6 79. f6 $1 {[%mdl 512]} Nxf6 80. Qf8) 78... Qd8 79. Qb7+ Qc7 80. Qa8 {Black must now prevent Nb5.} Qd8 $1 {[%cal Rd8a8] [#]} 81. Qc6+ $1 Ke7 82. Qa6 {And now Nc6+ would win.} Kf8 83. Nb5 (83. Nc6 $18 Qd7 84. Qa3) 83... Ke7 $16 84. Qb7+ Kf8 85. Kd3 (85. Qa7 $16) 85... Qa5 $1 $11 {The position is equal.} 86. Qa7 (86. f6 $5 {[%cal Rb7e7]} Qd8 87. Qc6 $11) 86... Qxa7 87. Nxa7 Ke7 88. Nb5 {Precision: White = 62%, Black = 48%.} 1/2-1/2

[Event "World Team-ch 2017"]
[Site "Khanty-Mansyisk"]
[Date "2017.06.24"]
[Round "7"]
[White "Areshchenko, Alexander"]
[Black "Sasikiran, Krishnan"]
[Result "1/2-1/2"]
[WhiteElo "2652"]
[BlackElo "2669"]
[Annotator "TA"]
[PlyCount "52"]
[EventDate "2017.??.??"]
[EventType "team-tourn"]
[EventCountry "RUS"]
[SourceTitle "playchess.com"]
[Source "ChessBase"]
[SourceQuality "1"]
[WhiteTeam "UKR"]
[BlackTeam "IND"]
[WhiteTeamCountry "UKR"]
[BlackTeamCountry "IND"]

{[%evp 26,52,23,23,26,21,33,27,14,31,30,17,28,36,39,25,36,35,34,24,25,17,14,8,6,6,16,8,10]} 1. e4 e5 2. Nf3 Nc6 3. Bb5 {[%cal Bf1b5,Bb5a4,Ba4b3][%mdl 32]} a6 4. Ba4 Nf6 5. O-O Be7 6. Re1 b5 7. Bb3 O-O 8. c3 d5 9. exd5 Nxd5 10. Nxe5 Nxe5 11. Rxe5 c6 12. d3 Bd6 13. Re1 Bf5 14. Qf3 Qf6 {C89: Closed Ruy Lopez: Marshall Attack} 15. Nd2 Qg6 16. Bd1 Bxd3 {[#] And now ...Rfe8 would win.White has an edge.} 17. Ne4 Bxe4 18. Qxe4 Qxe4 19. Rxe4 Rae8 20. Rxe8 Rxe8 {[%cal Re8e1] [#]} 21. Kf1 $1 Be5 {[#]} (21... Bxh2 $2 22. g3 $18) 22. Rb1 $146 ({Predecessor:} 22. Bf3) 22... Rd8 {Hoping for ...Nxc3.} (22... Bxh2 $2 23. g3 $18) 23. Bd2 Nb6 {The position is equal.} (23... Bxh2 $6 24. g3 $16) 24. Be1 Nc4 ({Reject} 24... Bxh2 $6 25. g3 $16) 25. Bf3 c5 ({Much worse is} 25... Bxh2 $6 26. g3 $16) 26. Be2 Nd2+ ({Not} 26... Bxh2 $2 27. Bxc4 bxc4 28. g3 $18) 1/2-1/2